| 000 | 00654cam a22002417a 4500 | ||
|---|---|---|---|
| 001 | 001765 | ||
| 003 | armpunfd | ||
| 005 | 20160929162730.0 | ||
| 008 | 050922e0####xx#a##########000#0#und#d | ||
| 040 |
_aarmpunfd _carmpunfd |
||
| 080 | _a34 C 614 | ||
| 100 | 1 | 0 | _a Condorelli, Epifanio L. |
| 245 | 1 | 0 | _aEl abuso del derecho |
| 260 |
_aLa Plata : Editora Platense _bEditora Platense _c1971 |
||
| 300 | _a174 P: | ||
| 650 | 7 |
_a Abuso Del Derecho _2LEMB |
|
| 650 | 7 |
_a Abuso _2LEMB |
|
| 650 | 7 |
_a Jus Naturalis _2LEMB |
|
| 650 | 7 |
_a Ley 17.711 _2LEMB |
|
| 650 | 7 |
_a Teoria Del Derecho _2LEMB |
|
| 942 |
_cLB _2cdu |
||
| 945 |
_aCatalis _d2010-08-19 |
||
| 999 |
_c1756 _d232260 |
||